MARC

LEADER 00000nam0a2200000 4500
001 41505
005 20231031014308.0
035 |a (RuTPU)RU\TPU\book\42631 
090 |a 41505 
100 |a 20020621d1972 m y0rusy50 ca 
101 0 |a rus 
102 |a RU 
105 |a a j 001zy 
200 1 |a Гидравлика  |e учебник  |f А. И. Богомолов, К. А. Михайлов 
205 |a 2-е изд., перераб. и доп. 
210 |a Москва  |c Стройиздат  |d 1972 
215 |a 648 с.  |c ил. 
320 |a Библиогр.: с. 639 
610 1 |a физика 
610 1 |a гидравлика 
610 1 |a жидкости 
610 1 |a гидростатика 
610 1 |a гидродинамика 
610 1 |a уравнения 
610 1 |a уравнение Бернулли 
610 1 |a ламинарное течение 
610 1 |a турбулентность 
610 1 |a открытые русла 
610 1 |a трубопроводы 
610 1 |a наносы 
610 1 |a пульпа 
610 1 |a движение 
610 1 |a гидравлический прыжок 
610 1 |a водосливы 
610 1 |a кинематика 
610 1 |a динамика 
610 1 |a грунтовые воды 
610 1 |a моделирование 
610 1 |a сооружения 
610 1 |a учебники 
675 |a 532(075.8)  |v 3 
700 1 |a Богомолов  |b А. И.  |g Анатолий Иванович 
701 1 |a Михайлов  |b К. А.  |g Константин Александрович 
801 1 |a RU  |b 63413507  |c 20020621  |g PSBO 
801 2 |a RU  |b 63413507  |c 20150203  |g PSBO 
942 |c BK